|
|
|
|
| LEADER |
00621nab a2200181 i 4500 |
| 001 |
tort597 |
| 005 |
20230127101405.0 |
| 008 |
230127s2023 hu o 0|| zxx d |
| 040 |
|
|
|a PEREPO TORTENET
|b hun
|
| 041 |
|
|
|a zxx
|
| 245 |
0 |
0 |
|a Robot a Pannon Egyetemen
|h [elektronikus dokumentum]
|
| 260 |
|
|
|c 2023-01-23
|
| 490 |
0 |
|
|a Zalai Hírlap Online (ZAOL.hu)
|
| 695 |
|
|
|a Pannon Egyetem Zalaegerszegi Egyetemi Központ - PE ZEK
|
| 695 |
|
|
|a Pepper
|
| 695 |
|
|
|a nyílt nap
|
| 700 |
0 |
1 |
|a Fehér Márk
|
| 856 |
4 |
0 |
|u https://perepo-tortenet.uni-pannon.hu/id/eprint/597/1/2023-01-23_zaol_Robot%20a%20Pannon%20Egyetemen.pdf
|z Dokumentum-elérés
|